000 03013nam a22003377a 4500
999 _c21785
_d21785
003 AR-CdUCM
008 190425b ||||| |||| 00| 0 spa d
040 _aMUNICIPALIDAD PROVINCIAL DEL CUSCO
_cBIBLIOTECA MUNICIPAL DEL CUSCO
082 _aRev.Univ/N°139/2006
110 _aUniversidad Nacional de San Antonio Abad del Cusco
_915942
245 _aRevista Universitaria :
_bÓrgano de la Universidad del Cuzco /
260 _aCusco :
_bUniversitaria,
_c2006.
300 _a263 páginas. :
_bilustraciones en color ;
_c29 cm.
440 _aRevista Universitaria
_nAño ?, 2006, N°139.
_946098
505 _aContenido: Propagación de plántulas de Bletia catenulata Ruíz & Pavón, y Epidendrum secundum Jacquín y su cultivo en invernadero. -- Agua riego, alianza y competencia en mitos del Cusco. -- Racionalidad e irracionalidad Turismo en el Cuzco. -- Algunos aspectos agroecológicos de la provincia de Canas Cusco Perú. -- Los inmigrantes en Lima estudio de caso de un artesano textil. -- Repertorio de vocalizaciones del Pichinco Zonotrichia capensis en Huacarpay Quispicanchis Cusco. -- La caracterización del rendimiento académico de los estudiantes de la UNSAAC 1984-2005. -- El léxico del castellano cuzqueño. -- Relación entre el trabajo en equipo y satisfacción laboral del personal en el servicio de emergencia del Hospital Antonio Lorena del Cusco. -- Factores clave del desarrollo artesanal en Cusco, casos Pisac y Chinchero. -- Administración de recursos económicos en el parque arqueológico de Machupicchu. -- Los retos de la Universidad a comienzos del siglo XXI. -- El poeta hacendado como tema de ficción narrativa el caso de Andrés Alencastre Gutiérrez. -- Patrimonio cultural y desarrollo. -- La frase Ama Súa, Ama Llulla, Ama Qella, no fue saludo Inca fue creación de los españoles avecindados en el Perú. -- El derecho de resistencia. -- La narrativa de Feliciano Padilla en el contexto de la literatura peruana. -- Lo esecencial y fenoménico en el conocimiento y aprendizaje. -- Un modelo matemático sobre teoría de juegos. -- Estratégias comunicativas para la participación adolescente. -- Raúl Brozovich in memoriam. -- Mariano Pantoja los milicianos españoles lo aclaman. -- El arte de la luz de Figueroa. Luis Figueroa. -- Ñampaq harawi poesía para el camino. -- Ollantay o la importancia del Quechua.
650 _aBotánica cusqueña
_945807
650 _aOrnitología cusqueña
_946014
650 _aLexicología
_910867
650 _aFolklore cusqueño
_98693
650 _aArtesanía cusqueña
_946099
700 _aArdiles Jara, Alexánder
_946100
700 _aCanal Ccarhuarupay, José
_98874
700 _aAragón Romero, José Israel
_946101
700 _aVillasante Llerena, Marco
_946102
700 _aPantigozo Montes, Jaime
_9946
700 _aLeón Warthon, Maribel
_946103
700 _aRosas Paravicino, Enrique
_9417
710 _aUniversidad Nacional de San Antonio Abad del Cusco
_915942
942 _2ddc
_cPP
945 _arac